000 00635nam a22002057a 4500
008 241129b |||||||| |||| 00| 0 eng d
020 _a9780198851691
040 _aCUZ
_beng
_cCUZ
_dCUZ
_erda
050 _aBJ1581,2
100 _aDavid Owens
245 _aNormativity & Control:
_cby David Owens
264 _aNew York:
_bOxford University Press;
_c2017.
300 _a247pages
336 _atext
_btxt
337 _aunmediated
_bn
338 _2rdacarrier
500 _aIncludes bibliographical references and index
650 _aNormativity: Epistemic and Practical
942 _cEBOOK
_i1581.2
_kBJ
999 _c45017
_d45017